| 000 | 01838nam0a22003011 4500 | ||
|---|---|---|---|
| 001 | rc\3961520 | ||
| 005 | 20250610132336.0 | ||
| 021 |
_aRU _b[56-66473] |
||
| 035 | _a(NLR Aleph) 007927889 | ||
| 090 |
_a8199621 _c8199621 |
||
| 100 | _a20130415d1956 |||y0rusy50 ca | ||
| 101 | 0 | _arus | |
| 102 | _aRU | ||
| 105 | _aa z |||a| | ||
| 200 | 1 |
_aКаракулевые шкурки _eЮмор. рассказы _fИл. Н. Лисогорского |
|
| 210 |
_aМосква _cПравда _d1956 |
||
| 215 |
_a63 с. _cил. _d17 |
||
| 225 | 1 |
_aБиблиотека "Крокодила" _v№ 145 |
|
| 327 | 1 | _aСодерж.: Каракулевые шкурки; Активист; Бродяга; Специалист по пережиткам; Путевка; Куда Манечке пойти учиться?; Поездка в колхоз; Директор Груздев; Сон в летний день; Случай с доцентом; Это не причина!; Пашка; Записано в актив; Два штукатура | |
| 464 | 0 |
_12001#$aКаракулевые шкурки$aАктивист$aБродяга$aСпециалист по пережиткам$aПутевка$aКуда Манечке пойти учиться?$aПоездка в колхоз$aДиректор Груздев$aСон в летний день$aСлучай с доцентом$aЭто не причина!$aПашка$aЗаписано в актив$aДва штукатура _tДва штукатура |
|
| 700 | 1 |
_aЗванцев _bС. _f1893-1973 _gСергей |
|
| 702 | 1 |
_4440 _7ca _8rus _aЛисогорский _bН. М. _f1910-1986 _gНаум Моисеевич _9269811 _3RU\NLR\AUTH\770269867 |
|
| 801 | 0 |
_aRU _bNLR _gpsbo |
|
| 801 | 1 |
_aRU _bELAR _2rusmarc |
|
| 852 |
_aNLR _j57-2/44 |
||
| 942 | _cBOOK | ||
| 980 | _aNB | ||